000 00720nam a2200217Ii 4500
003 JO-AjNU
008 230605s9999||||xx |||||||||||||| ||und||
017 _a2009/10/4496
040 _aJO-AjNU
_bara
_erda
_cJO-AjNU
041 _aara
050 1 4 _aLB1139.23.U843 2010
100 3 _aعثمان،علي عبد التواب,
_eauthor
_928059
245 0 0 _aطرق التعليم في الطفولة المبكرة
250 _aط1
264 3 1 _aعمان:دار المسيرة،2010
300 _a231ص
336 _atext
_btxt
_2rdacontent
337 _aunmediated
_bn
_2rdamedia
338 _avolume
_bnc
_2rdacarrier
650 4 _aالأطفال-تعليم (طفولة مبكرة). رياض الأطفال
_928060
999 _aA10836
_c14404
_d14404